Uruganinių audrų poveikis Lietuvos pajūriui

Titel: Uruganinių audrų poveikis Lietuvos pajūriui
Verfasser:
In: Geografijos metraštis, Band 20 (1982), Seite 89-97
alle Artikel anzeigen
Veröffentlicht: 1982
Format: Aufsatz
Sprache: Litauisch
Kein Bild verfügbar
X
alg: 39193532
001A    $01999:11-11-16 
001B    $01999:12-03-21 $t19:05:50.000 
001C    $06050:19-11-16 $t09:31:05.000 
001D    $01999:11-11-16 
001U    $0utf8 
001X    $00 
002@    $0Aox 
003@    $0391935321 
007A    $0391935321 $aHEB 
007T    $0Herd20974 
010@    $alit 
011@    $a1982 
021A    $aUruganinių audrų poveikis Lietuvos pajūriui 
028A    $aŻaromskis $dR. 
031A    $d20 $h89-97 $j1982 
037A    $aBetr. die Kurische Nehrung 
037A    $aruss. Res., 96; engl. Res., 97: Influence of hurricane storms upon the Lithuanian coast of the Baltic Sea 
039B    $aIn $8--Abvc--. Geografijos metraštis. - Vilnius : Akad., 1981-. - ISSN 0132-3156 $x198200000200000911 $9048472980 
045F    $a911.4793 $eDDC23BSB 
045F/01 $a911 
045F/03 $g4793 
045F/03 $g4382 
045F/03 $g43832 
045T    $a14 

lok: 39193532 78

exp: 39193532 78 1 #EPN
201B/01 $019-04-17 $t10:54:34.000 
201U/01 $0utf8 
203@/01 $0788031155 
208@/01 $a11-11-16 $be 
209A/01 $a/ $f000 $x00 
220C/01 $aTitelaufnehmer: kl 
220C/01 $aAnmerkung: Vorname des Autors nicht zu ermitteln;7.04.03 
244Z/01 $2Trx $#Prusy Wschodnie i Zachodnie $8--Trx--Ost- und Westpreußen $x01 $939113373X 
244Z/01 $2Trx $#Litauen $#Lithuania $#Litwa $#Litva $#Litva $8--Trx--Lietuva $x02 $9391193457 
244Z/01 $2Trx $#Kuršių nerija $#Curonian Spit $#Mierzeja kurska $#Kuršskaja kosa $#Mierzeja Kurońska $#Kurskaja Kosa $8--Trx--Kurische Nehrung $x03 $9391304429 
244Z/01 $2Trx $#kliima $#klimatas $#Climate $#éghajlat $#klimat $#klíma $#klima $8--Trx--Klima $x04 $9391370987 
244Z/01 $2Trx $8--Trx--Zeitschriftenaufsatz $x05 $9391384341 
245Z/01 $a02 $x01 
247C/01 $82080>Marburg/Lahn, Herder-Institut, Forschungsbibliothek, Bibliographieportal $9336309341
LEADER 00000caa a22000002c 4500
001 391935321
003 DE-603
005 20210312190550.0
007 tu
008 161111s1982 xx |||| | u00||u|lit c
035 |a (DE-599)HEB391935321 
040 |a DE-603  |b ger  |c DE-603  |d DE-603 
041 |a lit 
082 0 4 |8 1\u  |a 911.4793  |q DE-101  |2 23/BSB 
084 |a 14  |2 ssgn 
085 |8 1\u  |b 911 
085 |8 1\u  |z 2  |s 4793 
085 |8 1\u  |z 2  |s 4382 
085 |8 1\u  |z 2  |s 43832 
100 1 |a Żaromskis, R. 
245 0 0 |a Uruganinių audrų poveikis Lietuvos pajūriui 
264 0 |c 1982 
500 |a Betr. die Kurische Nehrung 
500 |a russ. Res., 96; engl. Res., 97: Influence of hurricane storms upon the Lithuanian coast of the Baltic Sea 
773 0 8 |i In  |t Geografijos metraštis  |d Vilnius : Akad., 1981-  |x 0132-3156  |g Band 20 (1982), Seite 89-97  |w (DE-603)048472980  |w (DE-600)990309-4 
924 0 |9 2080  |a (DE-603)788031155  |b DE-2080  |c HES  |d d  |g /